The Economics Of Money, Banking, And Financial Markets, (Record no. 6120)

MARC details
005 - DATE AND TIME OF LATEST TRANSACTION
control field 20250628164302.0
020 ## - INTERNATIONAL STANDARD BOOK NUMBER
International Standard Book Number 0-321-28726-6
082 ## - DEWEY DECIMAL CLASSIFICATION NUMBER
Classification number 332 MIS.
100 ## - MAIN ENTRY--PERSONAL NAME
Author name MISHKIN, S. F.
245 ## - TITLE STATEMENT
Title The Economics Of Money, Banking, And Financial Markets,
260 ## - PUBLICATION, DISTRIBUTION, ETC.
Place of publication, distribution, etc. New York,
Name of publisher, distributor, etc. Peason Printice Hall,
Date of publication, distribution, etc. 2007.
300 ## - PHYSICAL DESCRIPTION
Extent xli.; 657p.; Ill.; picture,
Other physical details Index,
Dimensions 27cm.
942 ## - ADDED ENTRY ELEMENTS (KOHA)
Source of classification or shelving scheme Dewey Decimal Classification
Koha item type Books
Holdings
Date last seen Total checkouts Full call number Barcode Cost, replacement price Price effective from Koha item type Lost status Source of classification or shelving scheme Damaged status Not for loan Withdrawn status Home library Current library Shelving location Date acquired Cost, normal purchase price
06/28/2025   332MIS DOM0003488 90000.00 06/28/2025 Books   Dewey Decimal Classification       CBE Dodoma CBE Dodoma General Collection 03/24/2014 30000.00
06/29/2025   332 BAL DOM0003847 90000.00 06/29/2025 Books   Dewey Decimal Classification       CBE Dodoma CBE Dodoma General Collection 03/24/2014 30000.00
06/29/2025   332.1 BAL DOM0003836 90000.00 06/29/2025 Books   Dewey Decimal Classification       CBE Dodoma CBE Dodoma General Collection 03/24/2014 30000.00
06/29/2025   332.1 BAL DOM0003844 90000.00 06/29/2025 Books   Dewey Decimal Classification       CBE Dodoma CBE Dodoma General Collection 03/24/2014 30000.00
06/29/2025   332.1 BAL DOM0003846 90000.00 06/29/2025 Books   Dewey Decimal Classification       CBE Dodoma CBE Dodoma General Collection 03/24/2014 30000.00
06/29/2025   332.1 BAL DOM0003845 90000.00 06/29/2025 Books   Dewey Decimal Classification       CBE Dodoma CBE Dodoma General Collection 03/24/2014 30000.00